New scientist.
Guardado en:
| Título anterior: | New scientist and science journal |
|---|---|
| Formato: | Revista |
| Idioma: | English |
| Publicado: |
[London] :
[New Science Publications]
London : Reed Business Information Ltd. |
| Materias: | |
| Acceso en línea: | Acceso a texto completo desde v. 174 (May 2002)- / al presente |
| Etiquetas: |
Agregar Etiqueta
Sin Etiquetas, Sea el primero en etiquetar este registro!
|
| LEADER | 02645cas a2200589 a 4500 | ||
|---|---|---|---|
| 001 | CARPC.005182 | ||
| 008 | 760817c19719999enkwr#p#######0###a0eng#c | ||
| 005 | 20200929143936.0 | ||
| 210 | 0 | |a New scientist |b (1971) | |
| 222 | 0 | |a New scientist |b (1971) | |
| 245 | 1 | 0 | |a New scientist. |
| 260 | |a [London] : |b [New Science Publications] | ||
| 260 | 3 | |3 <March 2017-> ; |a London : |b Reed Business Information Ltd. | |
| 300 | |a v. : |b il. ; |c 29 cm. | ||
| 310 | |a Semanal | ||
| 336 | |a text |b txt |2 rdacontent | ||
| 337 | |a unmediated |b n |2 rdamedia | ||
| 338 | |a volume |b nc |2 rdacarrier | ||
| 362 | 0 | |a Vol. 52, nº 772 (Dec. 2, 1971)- | |
| 500 | |a Publicado por IPC Magazines, <May 25, 1991->. | ||
| 510 | 2 | |a Chemical abstracts |x 0009-2258 | |
| 525 | |a Tiene suplementos ocasionales con títulos individuales. | ||
| 530 | |a Disponible también en línea. | ||
| 588 | |a Descripción basada en: Vol. 52, nº 772; título de la portada. | ||
| 590 | |a Modo de adquisición: suscripción | ||
| 770 | 0 | |t New scientist. Careers guide |w (DLC) 2008205646 |w (OCoLC)213480089 | |
| 776 | 0 | 8 | |i También publicado en forma cumulativa como: |t New scientist CD-ROM |x 1356-1766 |w (DLC) 2003208542 |w (OCoLC)36686227 |
| 776 | 0 | 8 | |i Versión en línea: |t New scientist (1971 : Online) |w (DLC) 2010250720 |w (OCoLC)60637733 |
| 780 | 0 | 0 | |t New scientist and science journal |x 0369-5808 |w (DLC) 82644453 |w (OCoLC)2378327 |
| 853 | |8 1 |a v. |b no. |u 13 |v c |i (year) |j (month) |k (day) |w w |x 01,04,07,10 | ||
| 863 | |8 1.1 |a <179> |b <2402> |i <2003> |j <07> |k <05 > | ||
| 022 | 0 | |a 0262-4079 |l 0262-4079 |y 0028-6664 |2 z | |
| 130 | 0 | |a New scientist (1971) | |
| 082 | 0 | 4 | |a 500 |2 20 |
| 650 | 0 | |a Ciencia |2 agrovoc | |
| 650 | 0 | |a Tecnología |2 agrovoc | |
| 655 | 7 | |a Publicaciones periódicas |2 agrovoc | |
| 010 | |a 82644452 |z sc 82004294 |z sn 81006313 | ||
| 016 | 7 | |a N15600000 |2 DNLM | |
| 016 | 7 | |a 014599012 |2 Uk | |
| 030 | |a NWSCAL | ||
| 032 | |a 382160 |b USPS | ||
| 040 | |a UDI |b eng |c UDI |d OCL |d FUG |d NYG |d COO |d HUL |d OCL |d NSD |d DLC |d NST |d DLC |d NST |d DLC |d NST |d DLC |d SER |d OCL |d RCS |d NST |d AIP |d HUL |d AIP |d HUL |d NSD |d OCL |d NST |d IUL |d NST |d NSD |d NST |d HUL |d NST |d NSD |d IUL |d NSD |d NST |d AGL |d NLM |d WAU |d OCLCQ |d DLC |d OCLCQ |d CDS |d NLGGC |d DLC |d CO3 |d OCLCQ |d BUF |d UKMGB |d CWS |d OCLCQ |d OCLCF |d BEDGE |d CUS |d EUW |d OCLCQ |d RB# |d UY0 |d DLC |d CSJ |d OCLCO |d AVA |d OCLCA |d GILDS |d OCLCO |d CAI | ||
| 050 | 0 | 0 | |a Q1 |b .N52 |
| 060 | |a W1 |b NE494 | ||
| 070 | |a 472 |b N42 | ||
| 072 | |a X300 | ||
| 072 | |a X400 | ||
| 072 | |a X600 | ||
| 856 | 4 | 1 | |3 Acceso a texto completo desde v. 174 (May 2002)- / al presente |u http://search.ebscohost.com/login.aspx?direct=true&db=aph&jid=NSI&lang=es&site=ehost-live |
| 110 | ^ | i | |t 202009291439 |x 1601401176 |
